000 00477nam a2200157Ia 4500
003 GCL
008 140319s9999 xx 000 0 ara d
040 _aGCL /
_cGCL
082 0 4 _a310
_bم م
100 1 _aمحمد عبدالرحمن البدرى
245 1 0 _aمحاضرات فى العينات /
_cمحمد عبدالرحمن البدرى
300 _a39 ص
490 _aالهيئة العامة للاستعلامات
_v0
650 0 4 _aالاحصاء
942 _2ddc
_cBK
999 _c46873
_d46873